000 00555nam a2200205Ia 4500
008 140110s9999 xx 000 0 und d
020 _a9788175415560
_cRs 995.00
040 _aLoreto College
041 _aEnglish
082 _a375/SRI
_bLCBED/14739
100 _aSrivastava, H.S.
245 _aCurriculum and methods of teaching
_cH.S. srivastava
250 _a2nd rev edition
260 _aDelhi
_bShipra Publications
_c2010
300 _axv.
_c382p
504 _aIncludes index
650 _aEducation
850 _aLCBED/375/SRI
942 _cBK
999 _c37325
_d87804